1593 1786 1949 1481 1206 1662 1890 1319 1814 1997 1631 1059 1599 1081 1187 1717 1262 1224 1718 1606 1445 1753 1418 1539 1868 1731 1743 1250 1272 1178 1702 1240 1397 1174 1169 1040 1048 1951 1864 1700 1024 1229 1220 1108 1811 1953 1182 1477 1657 1696 1432 1442 1528 1949 1882 1123 1077 1673 1831 1791 1067 1154 1936 1830 1283 1420 1260 1196 1253 1180 1792 1040 1656 1168 1493 1128 1703 1812 1914 1231 1166 1913 1513 1215 1253 1901 1700 1916 1653 1842 1042 1708 1252 1384 1160 1363 1266 1753 1384 BCNSPRNW ULIB Ver.6.0+V

เปลี่ยนเป็นภาษาไทย

Change to English
 แสดงรายละเอียดบรรณานุกรม
  กลับหน้าหลัก

Brief Record : Get Marc (ISO 2709) : E-mail record : QR code < ปิดหน้าต่าง
LEADER : 00000nam 2200000uu 4500
001    13399125493
003     ULIB
008    170614s2558||||th 000 0 tha d
020    ^a9786169218715
060    ^aWQ100 พ941ค
100    ^aเพิ่มศักดิ์ สุเมฆศรี
245    ^aความก้าวหน้าเสริมความท้าทายในเวชปฏิบัติปริกำเนิด Advanced Enhancement Challenges in Perinatal Care
250    ^aพิมพ์ครั้งที่ 1
260    ^aกรุงเทพฯ :^bสมาคมเวชศาสตร์ปริกำเนิดแห่งประเทศไทย,^c2558
300    ^a214 หน้า^bภาพประกอบ
650    ^aสูติศาสตร์^xเวชปฏิบัติ
650    ^aเวชปฏิบัติปริกำเนิด
700 0  ^aนาเรศ วงศ์ไพฑูรย์
700 0  ^aพจนีย์ ผดุงเกียรติวัฒนา
700 0  ^aณัฐฐิณี ศรีสันติโรจน์
945    ^p400^l0^i25182
945    ^p400^l0^i25183
945    ^p400^l0^i25184
945    ^p400^l0^i25185
999    ^aกัณชพร
รายการนี้ยังไม่มีแท็ก
คุณยังไม่ได้ล็อกอิน คุณสามารถมีกิจกรรมร่วมกับเว็บไซต์ได้ แต่ต้องล็อกอินก่อน ::
  ล็อกอิน

รายการสื่อสารสนเทศ

ลำดับที่ ประเภท เลขเรียก/บาร์โค้ด สถานที่ สถานะ
1. หนังสือสำรอง
หนังสือสำรอง
สถานะ=หนังสือเก่า
WQ100 พ941ค ฉ.1 
  Barcode: 25182
ห้องสมุดวิทยาเขตนครสวรรค์
►ส่วนจัดเก็บหนังสือเก่า นว.
บนชั้น
  ขอยืม
2. วิทยาศาสตร์การแพทย์ และสุขภาพ
วิทยาศาสตร์การแพทย์ และสุขภาพ
สถานะ=หนังสือเก่า
WQ100 พ941ค ฉ.2 
  Barcode: 25183
ห้องสมุดวิทยาเขตนครสวรรค์
►ส่วนจัดเก็บหนังสือเก่า นว.
บนชั้น
  ขอยืม
3. วิทยาศาสตร์การแพทย์ และสุขภาพ
วิทยาศาสตร์การแพทย์ และสุขภาพ
สถานะ=หนังสือเก่า
WQ100 พ941ค ฉ.3 
  Barcode: 25184
ห้องสมุดวิทยาเขตนครสวรรค์
►ส่วนจัดเก็บหนังสือเก่า นว.
บนชั้น
  ขอยืม
4. วิทยาศาสตร์การแพทย์ และสุขภาพ
วิทยาศาสตร์การแพทย์ และสุขภาพ
สถานะ=หนังสือเก่า
WQ100 พ941ค ฉ.4 
  Barcode: 25185
ห้องสมุดวิทยาเขตนครสวรรค์
►ส่วนจัดเก็บหนังสือเก่า นว.
บนชั้น
  ขอยืม

รายการใกล้เคียง
    ชื่อเรื่อง [ความก้าวหน้าเสริมความท้าทายในเวชปฏิบัติปริกำเนิด Advanced Enhancement Challenges in Perinatal Care]

    ผู้แต่ง [เพิ่มศักดิ์ สุเมฆศรี]

    หัวเรื่อง [เวชปฏิบัติปริกำเนิด]

BibComment


ยังไม่เคยถูกคอมเมนท์

คอมเมนท์ทรัพยากรรายการนี้
  คอมเมนท์: ความก้าวหน้าเสริ..


 Copyright 2026. Bcnsprnw @Library